UBT Library

The social animal / (Record no. 202)

000 -LEADER
fixed length control field 00587pam a2200205 i 4500
005 - DATE AND TIME OF LATEST TRANSACTION
control field 20131029100217.0
008 - FIXED-LENGTH DATA ELEMENTS--GENERAL INFORMATION
fixed length control field 751015s1976 caua b 001 0 eng
020 ## - INTERNATIONAL STANDARD BOOK NUMBER
International Standard Book Number 0716705524.
041 0# - LANGUAGE CODE
Language code of text/sound track or separate title eng
080 ## - UNIVERSAL DECIMAL CLASSIFICATION NUMBER
Universal Decimal Classification number 301.1
100 1# - Rafti
Rafti Aronson, Elliot.
245 14 - TITLE STATEMENT
Title The social animal /
Statement of responsibility, etc Elliot Aronson.
250 ## -
-- 2d ed.
260 ## -
-- San Francisco :
-- W. H. Freeman,
-- c1976.
300 ## -
-- xiv, 336 p. :
-- ill. ;
-- 24 cm.
490 0# -
-- A series of books in psychology
504 ## - BIBLIOGRAPHY, ETC. NOTE
Bibliography, etc Includes bibliographical references and indexes.
650 #0 -
-- Psikologjia sociale
942 ## - ADDED ENTRY ELEMENTS (KOHA)
Source of classification or shelving scheme
Item type Books
Holdings
Withdrawn status Lost status Source of classification or shelving scheme Damaged status Not for loan Collection code Permanent location Current location Shelving location Date acquired Total Checkouts Full call number Barcode Date last seen Koha item type
          Koleksioni i përgjithshem UBT - Prishtine UBT - Prishtine Koleksioni i përgjithshem 10/29/2013   301.1 ARO 001-000227 10/29/2013 Books
UBT Library © 2015-2024. All rights reserved University Education for Business and Technology